Ο θαυμαστός κόσμος των ζώων

Αποθηκεύτηκε σε:
Λεπτομέρειες βιβλιογραφικής εγγραφής
Άλλοι συγγραφείς: Γιαννόπουλος, Θεόδωρος Α., Κοχλατζής, Ευάγγελος Β. (Μεταφραστής)
Μορφή: Βιβλίο
Γλώσσα:Greek
Δημοσίευση: Αθήναι : Χ. Τεγόπουλος - Ν. Νίκας, 1973-1974
Θέματα:
Ετικέτες: Προσθήκη ετικέτας
Δεν υπάρχουν, Καταχωρήστε ετικέτα πρώτοι!

MARC

LEADER 00000cam a2200000 i 4500
001 1/84656
008 050902m19731974gr | ||| |||| ||gre||
035 |l 10080074 
040 |a GR-MY-UA  |b gre  |e aacr 
041 0 |a gre 
082 0 |a 590.3  |2 (22) 
245 1 2 |a Ο θαυμαστός κόσμος των ζώων /  |c αρχισυντάκτης της ελληνικής εκδόσεως: Θεόδωρος Α. Γιαννόπουλος ; μετάφραση: Ευ. Κοχλατζής 
260 |a Αθήναι :   |b Χ. Τεγόπουλος - Ν. Νίκας,   |c 1973-1974 
300 |a 10 τ.;  |b εικ.;  |c 30 εκ. 
505 0 |a Τ.1. Αφρική - τ.2. Αφρική - τ.3. Αφρική - Ευρασία - Αμερική - τ.4. Ευρασία - Αμερική - τ.5. Ευρασία - Αρκτική - Αμερική - τ.6. Ασία - Νότιος Αμερική - τ.7 Αυστραλία - Ωκεανία κ.ά. νησιά - τ.8. Ωκεανοί και θάλασσες. - τ.9. Κατοικίδια ζώα (μέρος Α'). - τ.10. Κατοικίδια ζώα (μέρος Β') 
650 0 0 |a Zoology  |z Africa, Southern. 
650 0 0 |a Zoology  |z Australia. 
650 0 0 |a Zoology  |z America. 
650 0 0 |a Zoology  |z Asia. 
650 0 0 |a Animals  |x Encyclopedias. 
700 1 |a Γιαννόπουλος, Θεόδωρος Α. 
700 1 |4 trl  |a Κοχλατζής, Ευάγγελος Β. 
852 |a INST  |b RHODES  |c KRI  |e 20050902  |h  590.3 ΘΑΥ  |p 005400022526  |q 005400022526  |t REF  |v τ.1:  |y 23  |z τ.1 
852 |a INST  |b RHODES  |c KRI  |e 20050902  |h  590.3 ΘΑΥ  |p 005400022527  |q 005400022527  |t REF  |v τ.2:  |y 23  |z τ.2 
852 |a INST  |b RHODES  |c KRI  |e 20050902  |h  590.3 ΘΑΥ  |p 005400022528  |q 005400022528  |t REF  |v τ.3:  |y 23  |z τ.3 
852 |a INST  |b RHODES  |c KRI  |e 20050902  |h  590.3 ΘΑΥ  |p 005400022529  |q 005400022529  |t REF  |v τ.4:  |y 23  |z τ.4 
852 |a INST  |b RHODES  |c KRI  |e 20050902  |h  590.3 ΘΑΥ  |p 005400022530  |q 005400022530  |t REF  |v τ.5:  |y 23  |z τ.5 
852 |a INST  |b RHODES  |c KRI  |e 20050902  |h  590.3 ΘΑΥ  |p 005400022531  |q 005400022531  |t REF  |v τ.6:  |y 23  |z τ.6 
852 |a INST  |b RHODES  |c KRI  |e 20050902  |h  590.3 ΘΑΥ  |p 005400022532  |q 005400022532  |t REF  |v τ.7:  |y 23  |z τ.7 
852 |a INST  |b RHODES  |c KRI  |e 20050902  |h  590.3 ΘΑΥ  |p 005400022533  |q 005400022533  |t REF  |v τ.8:  |y 23  |z τ.8 
852 |a INST  |b RHODES  |c KRI  |e 20051124  |h  590.3 ΘΑΥ  |p 005400028704  |q 005400028704  |t REF  |v τ.9:  |y 23  |z τ.9 
852 |a INST  |b RHODES  |c KRI  |e 20051124  |h  590.3 ΘΑΥ  |p 005400028705  |q 005400028705  |t REF  |v τ.10:  |y 23  |z τ.10 
853 |a INST  |b RHODES  |c KRI  |h  590.3 ΘΑΥ 
901 |a BIBL4-2005-3 
909 |a Ρ  |b 122332 
909 |a Ρ  |b 122333 
909 |a Ρ  |b 122334 
909 |a Ρ  |b 122335 
909 |a Ρ  |b 122336 
909 |a Ρ  |b 122337 
909 |a Ρ  |b 122338 
909 |a Ρ  |b 122339 
909 |a Ρ  |b 122713 
909 |a Ρ  |b 122714 
970 |a ΚΟΖΑ  |b ΜΑΡΙΑ  |z 2005/09/02